01747nam a2200313 a 4500001000200000003000900002005001700011007000200028008003900030040002200069082002900091100004100120245011000161260012000271300001900391490005600410500003500466500007400501504003200575505046600607600006801073600003601141651004201177651004401219700005001263700003901313730003601352730004501388 DO-SdBNP20210923123547.0 090717s1994 dr a 000 0 spa d aBPMSUbspacBPMSU 4aRD868.44bA385V 19942221 aAufau Durán, Vetilio , d1905-198510aVetilio Alfau Durán en Clío /ccompiladores, Arístides Incháustegui, Blanca Delgado Malagón.b  aSanto Domingo :bComisión Oficial para la Celebración del Sesquicentenario de la Independencia Nacional, c1994 av.;c23 cm.b 0 aSesquicentenario de la Independencia Nacional, v3 aIncluye índice onomástico. aIncluye referencias bibliográficas y notas al pie de las páginas. aBibliografía : p. 570-6820 a v.2 : La esclavitud en Santo Domingo -- Cronología de gobernantes de la República Dominicana -- Apuntes para la historia constitucional dominicana -- Intervencionismo en Santo Domingo -- Rectificaciones -- Extranjeros y Santo Domingo -- Discursos en la Academia Dominicana de la Historia -- Académicas y misceláneas -- Índice general de Clío (1933-1964)/Vetilio Alfao Durán -- Comentarios acerca de Vetilio Alfau Durán publicados en Clío. 14aAlfau Durán, Vetilio d1905-1985vColecciones de escritos 14aDuarte , Juan Pablo d1813-1876 4aRepública Dominicana xHistoria y  4aRepública DominicanaxBibliografías1 aIncháustegui, Arístides, d1938-ecomp. 1 aDelgado Malagón, Blanca,ecomp. 02aClío (República Dominicana)2 aListín Diario (República Dominicana)